00551nam a22001577a 450000500170000000800410001702000140005804100130007208200140008510000280009924501450012725000190027226000420029130000340033365000260036720231114133109.0231114b |||||||| |||| 00| 0 eng d a421132108 aEnglish  a344.6 HUD aWallace, IND lEnglish  aHudson's Building and Engineering Contracts : bIncluding the Duties and Liabilities of Architects, Engineers and Surveyors / cIND Wallace  aTenth Edition  aLondon : bSweet and Maxwell, c1970  blxviii, 921 pages ; c26 cm.  aLegal practice bLaw